[Event "ENCI Limburg-open A"]
[Site "Maastricht"]
[Date "2008.05.09"]
[Round "1"]
[White "Beijerinck, Nick"]
[Black "Andriulevicius, Orestas"]
[Result "1-0"]
[WhiteElo "2023"]
[BlackElo "1903"]
[PlyCount "119"]
[EventDate "2008.05.09"]
[EventType "swiss"]
[EventRounds "7"]
[EventCountry "NED"]
[Source "P.Boonen"]
[SourceDate "2010.01.01"]

1. e4 c5 2. Nf3 Nc6 3. d4 cxd4 4. Nxd4 Nf6 5. Nc3 e5 6. Ndb5 d6 7. Bg5 a6 8.
Na3 b5 9. Bxf6 gxf6 10. Nd5 f5 11. Bd3 Be6 12. c3 Bg7 13. Nc2 O-O 14. O-O f4
15. g3 Qg5 16. Kh1 Ne7 17. h4 Qh6 18. Nxe7+ Kh8 19. Nf5 Bxf5 20. exf5 Bf6 21.
Qg4 Rg8 22. Qh3 d5 23. Rg1 e4 24. Bf1 f3 25. Ne3 d4 26. Ng4 Qg7 27. Nxf6 Qxf6
28. Rc1 e3 29. Bd3 Qe5 30. f6 exf2 31. Rgf1 Rxg3 32. Qf5 Qxf5 33. Bxf5 d3 34.
Rxf2 Rd8 35. Kh2 Rgg8 36. Rxf3 d2 37. Rd1 Rge8 38. Rd3 Re2+ 39. Kg3 Rxd3+ 40.
Bxd3 Re3+ 41. Kf2 Rxd3 42. Ke2 Rd6 43. Rxd2 Rxf6 44. a4 Rb6 45. axb5 Rxb5 46.
c4 Rc5 47. Rc2 a5 48. Kd3 Kg7 49. Kd4 Rc8 50. Kd5 Kf6 51. Kd6 Rd8+ 52. Kc7 Rd4
53. c5 Rxh4 54. c6 Ke6 55. Kb6 Rb4+ 56. Kxa5 Rb8 57. c7 Rc8 58. Kb6 Kd7 59.
Rd2+ Ke7 60. Kb7 1-0

[Event "ENCI Limburg-open A"]
[Site "Maastricht"]
[Date "2008.05.09"]
[Round "1"]
[White "Blijlevens, Pim"]
[Black "Karns, Tobias"]
[Result "0-1"]
[WhiteElo "1899"]
[BlackElo "2022"]
[PlyCount "128"]
[EventDate "2008.05.09"]
[EventType "swiss"]
[EventRounds "7"]
[EventCountry "NED"]
[Source "P.Boonen"]
[SourceDate "2010.01.01"]

1. d4 d5 2. c4 e6 3. Nc3 c6 4. Nf3 Nf6 5. Bg5 h6 6. Bxf6 Qxf6 7. e3 Nd7 8. Bd3
g6 9. O-O Bg7 10. cxd5 exd5 11. b4 O-O 12. a4 Qd6 13. Qb3 Nf6 14. Rfc1 Be6 15.
Ne2 Ne4 16. Rc2 a5 17. Nf4 Bf5 18. bxa5 Rfb8 19. Ne2 c5 20. Qa3 Rxa5 21. Nc3
Nxc3 22. Qxc3 Bxd3 23. Qxd3 c4 24. Qc3 Rba8 25. Rb1 Qc6 26. Rcb2 R8a7 27. Rxb7
Rxb7 28. Rxb7 Qxa4 29. Kf1 Qd1+ 30. Ne1 Ra1 31. Rb2 Bf8 32. f3 Ra3 33. Qd2 Qxd2
34. Rxd2 Rxe3 35. Nc2 Rb3 36. Ke2 Bd6 37. g3 Rb1 38. Ne3 Rh1 39. Nxd5 Rxh2+ 40.
Ke3 Rxd2 41. Kxd2 Bxg3 42. Kc3 Kg7 43. Kxc4 h5 44. Kd3 f6 45. Ke3 Kf7 46. f4
Ke6 47. Nc3 Be1 48. Ne4 Bb4 49. Ng3 h4 50. Nf1 Ba3 51. Kf3 Bc1 52. Ke4 f5+ 53.
Kf3 Kd5 54. Nh2 Kxd4 55. Nf1 Kd3 56. Nh2 Bd2 57. Kg2 Bxf4 58. Nf3 Bg3 59. Ng5
Ke3 60. Nf3 Kf4 61. Ng1 g5 62. Ne2+ Ke3 63. Ng1 g4 64. Kh1 Bf2 0-1

[Event "ENCI Limburg-open A"]
[Site "Maastricht"]
[Date "2008.05.09"]
[Round "1"]
[White "Bok, Benjamin"]
[Black "Dgebuadze, Alexandre"]
[Result "0-1"]
[WhiteElo "2180"]
[BlackElo "2528"]
[PlyCount "104"]
[EventDate "2008.05.09"]
[EventType "swiss"]
[EventRounds "7"]
[EventCountry "NED"]
[Source "P.Boonen"]
[SourceDate "2010.01.01"]

1. e4 e6 2. d4 d5 3. Nd2 Nf6 4. e5 Nfd7 5. Bd3 c5 6. c3 Nc6 7. Ne2 Qb6 8. Nf3
cxd4 9. cxd4 f6 10. exf6 Nxf6 11. O-O Bd6 12. Bf4 Bxf4 13. Nxf4 O-O 14. Re1
Qxb2 15. Nxe6 Bxe6 16. Rxe6 Rae8 17. Rxe8 Rxe8 18. Rb1 Qxa2 19. Rxb7 Nd8 20.
Rb1 Ne6 21. Qc2 Qa3 22. Re1 Re7 23. Qc8+ Nf8 24. Rxe7 Qxe7 25. Ne5 a5 26. g3 a4
27. Qa8 a3 28. Bb5 Qb4 29. Qa7 Ng6 30. Bd7 Qd6 31. Qa8+ Nf8 32. Bc6 h5 33. Kg2
h4 34. g4 Kh7 35. g5 Ne4 36. Bxd5 Nxg5 37. f4 Nfe6 38. Bxe6 Nxe6 39. Qe4+ Kg8
40. Qa8+ Nf8 41. Qa4 Qd5+ 42. Kf2 a2 43. h3 Kh7 44. Qc2+ Kh8 45. Qa4 Qh1 46.
Qe8 Qh2+ 47. Ke3 Qxh3+ 48. Ke4 Qh1+ 49. Ke3 Qe1+ 50. Kd3 Qb1+ 51. Ke3 a1=Q 52.
Qxf8+ Kh7 0-1

[Event "ENCI Limburg-open A"]
[Site "Maastricht"]
[Date "2008.05.09"]
[Round "1"]
[White "Bomans, Arno"]
[Black "Bruls, Peter"]
[Result "1-0"]
[WhiteElo "1955"]
[BlackElo "1801"]
[PlyCount "55"]
[EventDate "2008.05.09"]
[EventType "swiss"]
[EventRounds "7"]
[EventCountry "NED"]
[Source "P.Boonen"]
[SourceDate "2010.01.01"]

1. Nc3 d5 2. e4 dxe4 3. Nxe4 Bf5 4. Ng3 Bg6 5. Nf3 Nd7 6. Bc4 e6 7. d4 Ngf6 8.
Qe2 Nb6 9. Bb3 Be7 10. Bd2 Qd7 11. c3 c6 12. Ne5 Qc7 13. h4 O-O 14. h5 Bf5 15.
Qf3 c5 16. O-O Rad8 17. Be3 h6 18. Nxf5 exf5 19. Qxf5 cxd4 20. cxd4 Nbd5 21.
Rac1 Qd6 22. Rfe1 a6 23. Bd2 Rfe8 24. Ba5 b6 25. Rc6 Qb8 26. Bxb6 Nxb6 27.
Bxf7+ Kf8 28. Ng6+ 1-0

[Event "ENCI Limburg-open A"]
[Site "Maastricht"]
[Date "2008.05.09"]
[Round "1"]
[White "Boulahfa, Hicham"]
[Black "Broekmeulen, Joris"]
[Result "1/2-1/2"]
[WhiteElo "2000"]
[BlackElo "1862"]
[PlyCount "32"]
[EventDate "2008.05.09"]
[EventType "swiss"]
[EventRounds "7"]
[EventCountry "NED"]
[Source "P.Boonen"]
[SourceDate "2010.01.01"]

1. e4 c5 2. Nf3 d6 3. d4 cxd4 4. Nxd4 Nf6 5. Nc3 a6 6. Be2 e6 7. O-O Nbd7 8. a4
b6 9. f4 Bb7 10. Bf3 Qc7 11. Kh1 Be7 12. Be3 Nc5 13. e5 dxe5 14. fxe5 Nfe4 15.
Nxe4 Nxe4 16. Bh5 O-O 1/2-1/2

[Event "ENCI Limburg-open A"]
[Site "Maastricht"]
[Date "2008.05.09"]
[Round "1"]
[White "Boulan, Laura"]
[Black "Magnussen, Helge"]
[Result "1-0"]
[WhiteElo "1921"]
[BlackElo "2039"]
[PlyCount "51"]
[EventDate "2008.05.09"]
[EventType "swiss"]
[EventRounds "7"]
[EventCountry "NED"]
[Source "P.Boonen"]
[SourceDate "2010.01.01"]

1. e4 e6 2. c3 d5 3. e5 c5 4. f4 f6 5. Nf3 Nc6 6. Na3 Bd7 7. Nc2 fxe5 8. fxe5
Nxe5 9. Nxe5 Qh4+ 10. g3 Qe4+ 11. Qe2 Qxh1 12. d3 Bd6 13. Bf4 Bxe5 14. Bxe5 Nf6
15. O-O-O c4 16. Bxf6 O-O 17. Bh3 Qxd1+ 18. Qxd1 cxd3 19. Bxg7 Kxg7 20. Qxd3
Rf6 21. Ne3 a6 22. Qd4 Re8 23. Qe5 Kf7 24. Bg4 Rf8 25. Qc7 Ke7 26. Nxd5+ 1-0

[Event "ENCI Limburg-open A"]
[Site "Maastricht"]
[Date "2008.05.09"]
[Round "1"]
[White "Braeken, Barry"]
[Black "Rietveld, Leo"]
[Result "1/2-1/2"]
[WhiteElo "1916"]
[BlackElo "2033"]
[PlyCount "23"]
[EventDate "2008.05.09"]
[EventType "swiss"]
[EventRounds "7"]
[EventCountry "NED"]
[Source "P.Boonen"]
[SourceDate "2010.01.01"]

1. e4 d5 2. exd5 Nf6 3. d4 Bg4 4. Nf3 Qxd5 5. Nc3 Qa5 6. Be2 Nc6 7. h3 Bh5 8.
O-O O-O-O 9. Be3 e5 10. Nxe5 Bxe2 11. Qxe2 Nxe5 12. dxe5 1/2-1/2

[Event "ENCI Limburg-open A"]
[Site "Maastricht"]
[Date "2008.05.09"]
[Round "1"]
[White "Breest, Axel"]
[Black "Schilperoort, Jeroen"]
[Result "0-1"]
[WhiteElo "1860"]
[BlackElo "1996"]
[PlyCount "82"]
[EventDate "2008.05.09"]
[EventType "swiss"]
[EventRounds "7"]
[EventCountry "NED"]
[Source "P.Boonen"]
[SourceDate "2010.01.01"]

1. e4 Nc6 2. Nf3 e6 3. d4 d5 4. e5 f6 5. c3 Qd7 6. Na3 Qf7 7. b4 Bd7 8. b5 Na5
9. Qa4 b6 10. Qc2 Ne7 11. Bd3 Ng6 12. O-O Rc8 13. Rb1 Be7 14. Qe2 Bxa3 15. Bxa3
Nf4 16. Qe3 Nxd3 17. Qxd3 Nc4 18. Bb4 Bxb5 19. exf6 gxf6 20. Qc2 Qd7 21. Rfe1
Kf7 22. Nd2 c5 23. Nxc4 cxb4 24. Ne3 Rxc3 25. Qd2 a5 26. Ng4 h5 27. Nxf6 Kxf6
28. Qf4+ Ke7 29. Qg5+ Kf7 30. Qf4+ Ke8 31. Qf6 Qh7 32. Rxe6+ Kd7 33. Rbe1 Kc8
34. Re7 Qxe7 35. Qxe7 Re8 36. Qxe8+ Bxe8 37. Rxe8+ Kd7 38. Re1 a4 39. f4 b3 40.
axb3 axb3 41. f5 b2 0-1

[Event "ENCI Limburg-open A"]
[Site "Maastricht"]
[Date "2008.05.09"]
[Round "1"]
[White "Broekmeulen, Jasper"]
[Black "Clijsen, Mark"]
[Result "1-0"]
[WhiteElo "2322"]
[BlackElo "2122"]
[PlyCount "71"]
[EventDate "2008.05.09"]
[EventType "swiss"]
[EventRounds "7"]
[EventCountry "NED"]
[Source "P.Boonen"]
[SourceDate "2010.01.01"]

1. e4 e6 2. d3 b5 3. g3 Bb7 4. Bg2 Bc5 5. Nf3 d6 6. a4 a6 7. axb5 axb5 8. Rxa8
Bxa8 9. d4 Bb6 10. Qe2 Nd7 11. Na3 c6 12. O-O Ngf6 13. b3 O-O 14. c4 bxc4 15.
e5 dxe5 16. dxe5 Nd5 17. bxc4 Ne7 18. Bf4 Ng6 19. Bd2 Ngxe5 20. Nxe5 Nxe5 21.
Rd1 Nd7 22. Bc3 Qe7 23. Qb2 e5 24. Nc2 Bc7 25. Nb4 Nb6 26. Nxc6 Bxc6 27. Bxc6
Qe6 28. Qb5 Qxc4 29. Qxc4 Nxc4 30. Rd7 Ba5 31. Bxa5 Nxa5 32. Bd5 g6 33. Ra7 Kg7
34. Rxa5 Rd8 35. Ba2 Re8 36. Ra7 1-0

[Event "ENCI Limburg-open A"]
[Site "Maastricht"]
[Date "2008.05.09"]
[Round "1"]
[White "Burg, Twan"]
[Black "Noiroux, Kevin"]
[Result "1-0"]
[WhiteElo "2342"]
[BlackElo "2134"]
[PlyCount "97"]
[EventDate "2008.05.09"]
[EventType "swiss"]
[EventRounds "7"]
[EventCountry "NED"]
[Source "P.Boonen"]
[SourceDate "2010.01.01"]

1. e4 d5 2. exd5 Qxd5 3. Nc3 Qa5 4. d4 Nf6 5. Nf3 c6 6. Bc4 Bf5 7. Bd2 e6 8.
Qe2 Bb4 9. a3 Nbd7 10. O-O Bxc3 11. Bxc3 Qc7 12. Bb3 O-O-O 13. Bd2 h6 14. Rfe1
Bg4 15. c4 Qb6 16. Qe3 c5 17. dxc5 Nxc5 18. Bc2 Bxf3 19. gxf3 e5 20. Bf5+ Nfd7
21. Qxe5 Nd3 22. Qg3 Nxe1 23. Rxe1 g6 24. c5 Qxb2 25. Ba5 b6 26. cxb6 axb6 27.
Rb1 Qxb1+ 28. Bxb1 bxa5 29. Qd6 Nb8 30. Qc5+ Kd7 31. Qxa5 Ke7 32. Qe5+ Kd7 33.
Bc2 Rhg8 34. Ba4+ Kc8 35. Qa5 f5 36. Kg2 Rg7 37. Qb6 h5 38. Bb3 Rb7 39. Qxg6
Kc7 40. Qg7+ Rd7 41. Qe5+ Rd6 42. Qxf5 Nc6 43. Qxh5 Nd4 44. Bd5 Rb5 45. Qf7+
Kb6 46. Be4 Rg5+ 47. Kf1 Rb5 48. a4 Rb3 49. Qe7 1-0

[Event "ENCI Limburg-open A"]
[Site "Maastricht"]
[Date "2008.05.09"]
[Round "1"]
[White "Bus, Tom"]
[Black "Hamblok, Roel"]
[Result "0-1"]
[WhiteElo "2252"]
[BlackElo "2088"]
[PlyCount "76"]
[EventDate "2008.05.09"]
[EventType "swiss"]
[EventRounds "7"]
[EventCountry "NED"]
[Source "P.Boonen"]
[SourceDate "2010.01.01"]

1. c4 f5 2. g3 Nf6 3. Bg2 e6 4. Nf3 Be7 5. O-O O-O 6. d3 d6 7. Nc3 Nc6 8. Rb1
a5 9. a3 Qe8 10. b4 axb4 11. axb4 Qh5 12. b5 Nd8 13. Bd2 Nf7 14. e4 fxe4 15.
Nxe4 Nxe4 16. dxe4 e5 17. Qb3 b6 18. Ra1 Bg4 19. Ra6 Rae8 20. Ra7 Nd8 21. Ne1
Be2 22. Rxc7 Bxf1 23. Bxf1 Ne6 24. c5 Qf7 25. Bc4 Qxf2+ 26. Kh1 Qxd2 27. Bxe6+
Kh8 28. Nf3 Qe2 29. Bc4 Qxf3+ 30. Qxf3 Rxf3 31. cxb6 Rff8 32. b7 Bg5 33. Bf7
Rb8 34. Bd5 Be3 35. Be6 Bb6 36. Rc8 g6 37. Kg2 Kg7 38. h4 Rxb7 0-1

[Event "ENCI Limburg-open A"]
[Site "Maastricht"]
[Date "2008.05.09"]
[Round "1"]
[White "Carcan, Stephane"]
[Black "Van der Velden, Bram"]
[Result "1/2-1/2"]
[WhiteElo "2047"]
[BlackElo "2196"]
[PlyCount "85"]
[EventDate "2008.05.09"]
[EventType "swiss"]
[EventRounds "7"]
[EventCountry "NED"]
[Source "P.Boonen"]
[SourceDate "2010.01.01"]

1. Nf3 Nf6 2. g3 g6 3. Bg2 Bg7 4. d3 O-O 5. O-O d6 6. e4 c5 7. Nc3 Nc6 8. h3
Rb8 9. a4 a6 10. Be3 b5 11. axb5 axb5 12. Qd2 b4 13. Nd5 Nxd5 14. exd5 Ne5 15.
Nxe5 Bxe5 16. d4 cxd4 17. Bxd4 Bxd4 18. Qxd4 Bf5 19. Ra7 Bxc2 20. Re1 Re8 21.
Qh4 e5 22. dxe6 Rxe6 23. Qxd8+ Rxd8 24. Rxe6 fxe6 25. Rb7 b3 26. Re7 d5 27.
Rxe6 d4 28. Re2 Kf7 29. f4 d3 30. Rd2 Ke6 31. Kf2 Kd6 32. Ke3 Kc5 33. Rf2 Re8+
34. Kd2 Kd4 35. g4 Rf8 36. f5 gxf5 37. gxf5 Ke5 38. f6 Rxf6 39. Rxf6 Kxf6 40.
Be4 h5 41. h4 Bb1 42. Bh7 Bc2 43. Be4 1/2-1/2

[Event "ENCI Limburg-open A"]
[Site "Maastricht"]
[Date "2008.05.09"]
[Round "1"]
[White "Clemens, Adrian HP"]
[Black "Pijpers, Arthur"]
[Result "0-1"]
[WhiteElo "2326"]
[BlackElo "2130"]
[PlyCount "94"]
[EventDate "2008.05.09"]
[EventType "swiss"]
[EventRounds "7"]
[EventCountry "NED"]
[Source "P.Boonen"]
[SourceDate "2010.01.01"]

1. c4 c5 2. Nf3 g6 3. Nc3 Bg7 4. d4 cxd4 5. Nxd4 Nc6 6. Nc2 Nf6 7. e4 d6 8. Be2
O-O 9. O-O Be6 10. f3 Nd7 11. Nd5 Nc5 12. Rb1 a5 13. b3 f5 14. exf5 Bxf5 15.
Bg5 h6 16. Bh4 g5 17. Bf2 Nb4 18. Ncxb4 Bxb1 19. Qxb1 axb4 20. Nxb4 e6 21. Rd1
Qe7 22. Bg3 Rad8 23. Qc2 Rd7 24. Bf1 Rfd8 25. h3 Qf6 26. Qe2 Kh8 27. Rd2 Qc3
28. Nd3 Nxd3 29. Rxd3 Qf6 30. Re3 Re8 31. Re4 d5 32. cxd5 Rxd5 33. Kh2 Qf7 34.
Qe3 b5 35. a4 bxa4 36. bxa4 Rd1 37. Bc4 Qf6 38. Be5 Qf7 39. Bxg7+ Kxg7 40. Bxe6
Qc7+ 41. f4 gxf4 42. Qf3 Qc1 43. Qg4+ Kh8 44. Rxf4 Rh1+ 45. Kg3 Qe1+ 46. Rf2
Qxe6 47. Rf8+ Kh7 0-1

[Event "ENCI Limburg-open A"]
[Site "Maastricht"]
[Date "2008.05.09"]
[Round "1"]
[White "Coenen, Bert"]
[Black "Springelkamp, Henriet"]
[Result "1/2-1/2"]
[WhiteElo "1830"]
[BlackElo "1980"]
[PlyCount "37"]
[EventDate "2008.05.09"]
[EventType "swiss"]
[EventRounds "7"]
[EventCountry "NED"]
[Source "P.Boonen"]
[SourceDate "2010.01.01"]

1. d4 d5 2. Bg5 Nf6 3. Bxf6 exf6 4. e3 Bf5 5. Nd2 c6 6. Ngf3 Qb6 7. Qc1 Be7 8.
Be2 O-O 9. O-O Na6 10. a3 Nc7 11. c4 Ne8 12. c5 Qc7 13. b4 g6 14. Qc3 Ng7 15.
Rfc1 Rfb8 16. Nb3 Bd8 17. a4 Qe7 18. b5 a6 19. Bd3 1/2-1/2

[Event "ENCI Limburg-open A"]
[Site "Maastricht"]
[Date "2008.05.09"]
[Round "1"]
[White "Daces, Philippe"]
[Black "Heirich, Andreas"]
[Result "1/2-1/2"]
[WhiteElo "2032"]
[BlackElo "1910"]
[PlyCount "46"]
[EventDate "2008.05.09"]
[EventType "swiss"]
[EventRounds "7"]
[EventCountry "NED"]
[Source "P.Boonen"]
[SourceDate "2010.01.01"]

1. d4 Nf6 2. c4 g6 3. Nc3 Bg7 4. Nf3 d5 5. Bg5 c6 6. e3 O-O 7. Qb3 dxc4 8. Bxc4
Nbd7 9. h3 Qb6 10. O-O Qxb3 11. Bxb3 h6 12. Bf4 e6 13. Rfd1 Nd5 14. Nxd5 exd5
15. Bc2 Re8 16. Rab1 Nf6 17. b4 Ne4 18. Bxe4 dxe4 19. Nd2 Be6 20. a4 Ba2 21.
Rb2 Bd5 22. Rc1 Bf8 23. Nc4 b5 1/2-1/2

[Event "ENCI Limburg-open A"]
[Site "Maastricht"]
[Date "2008.05.09"]
[Round "1"]
[White "Dahmen, Christoph"]
[Black "Lukman, Ronny"]
[Result "0-1"]
[WhiteElo "2077"]
[BlackElo "2228"]
[PlyCount "80"]
[EventDate "2008.05.09"]
[EventType "swiss"]
[EventRounds "7"]
[EventCountry "NED"]
[Source "P.Boonen"]
[SourceDate "2010.01.01"]

1. d4 Nf6 2. Nf3 c5 3. c4 g6 4. Nc3 Bg7 5. g3 O-O 6. Bg2 Nc6 7. O-O d6 8. dxc5
dxc5 9. Be3 Qa5 10. Qa4 Nd7 11. Qxa5 Nxa5 12. Nd2 Rb8 13. Nd5 Nc6 14. Bf4 Bxb2
15. Rab1 Be5 16. Bxe5 Ndxe5 17. Ne4 Bf5 18. Rb5 Bxe4 19. Bxe4 Nxc4 20. Bd3 N4e5
21. Rxc5 Nd7 22. Rc3 e6 23. Ne3 Nf6 24. Nc4 Rfd8 25. Rb1 Rd7 26. Ne3 Nd4 27. a4
b6 28. Nc2 Nd5 29. Rc4 Nxc2 30. Rxc2 Rbb7 31. Be4 Rbc7 32. Rxc7 Nxc7 33. a5
bxa5 34. Ra1 Rd4 35. Bf3 a4 36. Bc6 Rd6 37. Bxa4 Ra6 38. Rc1 Nd5 39. Rc8+ Kg7
40. Bc6 Ne7 0-1

[Event "ENCI Limburg-open A"]
[Site "Maastricht"]
[Date "2008.05.09"]
[Round "1"]
[White "De Freytas, Paul"]
[Black "Zachariassen, Bjarne"]
[Result "0-1"]
[WhiteElo "1929"]
[BlackElo "1938"]
[PlyCount "101"]
[EventDate "2008.05.09"]
[EventType "swiss"]
[EventRounds "7"]
[EventCountry "NED"]
[Source "P.Boonen"]
[SourceDate "2010.01.01"]

1. g3 Nf6 2. Bg2 d5 3. Nf3 e6 4. O-O Bd6 5. d3 O-O 6. Nbd2 c6 7. e4 Nbd7 8. Re1
Qc7 9. c3 a5 10. Qe2 dxe4 11. dxe4 e5 12. Nc4 Bc5 13. Nh4 b5 14. Ne3 g6 15. Nf1
Re8 16. Be3 Rb8 17. Rac1 a4 18. a3 Bxe3 19. Qxe3 Qb6 20. Bh3 Qxe3 21. Rxe3 Nc5
22. Bxc8 Rbxc8 23. f3 Red8 24. c4 Nd3 25. Rc2 bxc4 26. Nd2 c3 27. bxc3 Rb8 28.
Kf1 Nb2 29. Ke2 Rxd2+ 30. Rxd2 Nc4 31. Ra2 Nxe3 32. Kxe3 Kf8 33. f4 exf4+ 34.
gxf4 Re8 35. e5 Nd5+ 36. Kd4 Nxf4 37. Nf3 Ne6+ 38. Kc4 Nc7 39. Kc5 Nb5 40. c4
Nc3 41. Ra1 Rb8 42. Nd4 Ne4+ 43. Kxc6 Rc8+ 44. Kb5 Rc5+ 45. Kb4 Rxe5 46. Kxa4
Nd2 47. Kb4 Re4 48. Kc3 Rxd4 49. Ra2 Nf3 50. Rf2 Rf4 51. a4 0-1

[Event "ENCI Limburg-open A"]
[Site "Maastricht"]
[Date "2008.05.09"]
[Round "1"]
[White "Dirksen, Marieke"]
[Black "Schleipfenbauer, Frank"]
[Result "1-0"]
[WhiteElo "1873"]
[BlackElo "2002"]
[PlyCount "51"]
[EventDate "2008.05.09"]
[EventType "swiss"]
[EventRounds "7"]
[EventCountry "NED"]
[Source "P.Boonen"]
[SourceDate "2010.01.01"]

1. e4 c5 2. Nf3 d6 3. d4 cxd4 4. Nxd4 Nf6 5. Nc3 a6 6. Bg5 e6 7. f4 Nbd7 8. Qf3
Qc7 9. O-O-O b5 10. g4 Bb7 11. Bxf6 gxf6 12. Rg1 b4 13. Nb1 Rc8 14. Rd2 Nc5 15.
Bd3 Qa5 16. g5 f5 17. Qh5 Nxd3+ 18. Rxd3 fxe4 19. Rd2 Qc5 20. Re1 Bd5 21. f5 e5
22. Ne6 Bxe6 23. fxe6 Be7 24. Rf1 Qc4 25. Qxf7+ Kd8 26. Rxd6+ 1-0

[Event "ENCI Limburg-open A"]
[Site "Maastricht"]
[Date "2008.05.09"]
[Round "1"]
[White "Edeling, Jeroen"]
[Black "Michalczak, Thomas"]
[Result "1-0"]
[WhiteElo "2133"]
[BlackElo "2329"]
[PlyCount "121"]
[EventDate "2008.05.09"]
[EventType "swiss"]
[EventRounds "7"]
[EventCountry "NED"]
[Source "P.Boonen"]
[SourceDate "2010.01.01"]

1. e4 e5 2. Bc4 Nf6 3. d3 c6 4. Nf3 Be7 5. O-O d6 6. Re1 Nbd7 7. a4 Nf8 8. d4
Ng6 9. dxe5 Nxe5 10. Nxe5 dxe5 11. Qxd8+ Bxd8 12. h3 a5 13. b3 Rb8 14. Bb2 Bc7
15. Nd2 h6 16. Nf3 b5 17. axb5 cxb5 18. Bf1 Nd7 19. Rad1 b4 20. Nh4 g6 21. Bc4
Ke7 22. Rd5 a4 23. bxa4 Nb6 24. Rxe5+ Bxe5 25. Bxe5 Nxc4 26. Bxb8 Bd7 27. Ba7
Rc8 28. Rb1 Nd2 29. Rxb4 Rxc2 30. f3 Ra2 31. Be3 h5 32. Bg5+ Ke6 33. f4 Kd6 34.
f5 Kc5 35. Be7+ Kc6 36. fxg6 fxg6 37. Nxg6 Kc7 38. Bg5 Be8 39. Nf4 Bc6 40. Nd5+
Kd6 41. Nc3 Rc2 42. Bf6 Rc1+ 43. Kf2 Rf1+ 44. Ke3 Rxf6 45. Rd4+ Ke5 46. Rxd2
Rg6 47. Rf2 Bd7 48. a5 Rg3+ 49. Kd2 Bc8 50. Kc2 Ba6 51. Kb3 Kd4 52. Rd2+ Ke3
53. Rd6 Bf1 54. a6 Rg7 55. Kb4 Bxg2 56. Rb6 Ra7 57. Ka5 Bxh3 58. Nb5 Ra8 59.
Nc7 Rc8 60. a7 Kxe4 61. Rb8 1-0

[Event "ENCI Limburg-open A"]
[Site "Maastricht"]
[Date "2008.05.09"]
[Round "1"]
[White "Eijk, Yuri"]
[Black "Held, Benjamin"]
[Result "0-1"]
[WhiteElo "2012"]
[BlackElo "1856"]
[PlyCount "40"]
[EventDate "2008.05.09"]
[EventType "swiss"]
[EventRounds "7"]
[EventCountry "NED"]
[Source "P.Boonen"]
[SourceDate "2010.01.01"]

1. d4 Nf6 2. c4 e6 3. Nc3 b6 4. e4 Bb7 5. f3 d6 6. Bd3 Be7 7. Nge2 Nbd7 8. O-O
O-O 9. Be3 Ne8 10. Qd2 d5 11. cxd5 exd5 12. e5 c5 13. f4 Nc7 14. Rad1 f6 15.
Nb5 fxe5 16. Nxc7 Qxc7 17. dxe5 d4 18. Ng3 Nxe5 19. fxe5 dxe3 20. Qxe3 c4 0-1

[Event "ENCI Limburg-open A"]
[Site "Maastricht"]
[Date "2008.05.09"]
[Round "1"]
[White "Epishin, Vladimir"]
[Black "Beeke, Bobby"]
[Result "1-0"]
[WhiteElo "2566"]
[BlackElo "2188"]
[PlyCount "93"]
[EventDate "2008.05.09"]
[EventType "swiss"]
[EventRounds "7"]
[EventCountry "NED"]
[Source "P.Boonen"]
[SourceDate "2010.01.01"]

1. d4 Nf6 2. Nf3 g6 3. g3 Bg7 4. Bg2 O-O 5. O-O d5 6. Nbd2 Nbd7 7. c4 e6 8. b4
Qe7 9. Rb1 c6 10. b5 c5 11. dxc5 Nxc5 12. Ba3 b6 13. Ne5 Bb7 14. Nd3 Rfd8 15.
Nxc5 bxc5 16. Qc2 Rac8 17. cxd5 exd5 18. Nb3 Bf8 19. Rfc1 Qe8 20. Bb2 Ne4 21.
Na5 Ba8 22. Bxe4 Qxe4 23. Qxe4 dxe4 24. Nc4 Bd5 25. a4 f5 26. Bf6 Bxc4 27. Bxd8
Bxe2 28. Bg5 Bd3 29. Ra1 Kf7 30. Be3 Ke6 31. f3 Kd5 32. Kf2 Rb8 33. Ra2 Rb7 34.
Rb2 Bd6 35. f4 Be7 36. Ke1 Bf8 37. Kd2 a6 38. b6 a5 39. Rb3 Kc6 40. Bxc5 Bxc5
41. Rbc3 Rxb6 42. Rxc5+ Kd6 43. Ke3 Rb2 44. Rc7 h5 45. R1c6+ Kd5 46. Rc5+ Kd6
47. R7c6+ 1-0

[Event "ENCI Limburg-open A"]
[Site "Maastricht"]
[Date "2008.05.09"]
[Round "1"]
[White "Friesen, Boris"]
[Black "Michielsen, Joost"]
[Result "0-1"]
[WhiteElo "2129"]
[BlackElo "2326"]
[PlyCount "62"]
[EventDate "2008.05.09"]
[EventType "swiss"]
[EventRounds "7"]
[EventCountry "NED"]
[Source "P.Boonen"]
[SourceDate "2010.01.01"]

1. e4 c5 2. c3 d5 3. exd5 Qxd5 4. d4 Nf6 5. Nf3 e6 6. Bd3 cxd4 7. cxd4 Bb4+ 8.
Nc3 O-O 9. O-O Bxc3 10. bxc3 b6 11. Bg5 Nbd7 12. Re1 Bb7 13. c4 Qd6 14. Ne5
Nxe5 15. dxe5 Qc6 16. f3 Ng4 17. Be7 Rfe8 18. Bd6 Nh6 19. Rb1 Qd7 20. c5 bxc5
21. Bxc5 Red8 22. Bd6 Rac8 23. Bb5 Bc6 24. Ba6 Ra8 25. g4 f5 26. Qe2 fxg4 27.
fxg4 Nf7 28. Bb5 Rac8 29. Rb3 a6 30. Bxa6 Qa7+ 31. Kf1 Nxd6 0-1

[Event "ENCI Limburg-open A"]
[Site "Maastricht"]
[Date "2008.05.09"]
[Round "1"]
[White "Geuss, Paul"]
[Black "Dambacher, Martijn"]
[Result "0-1"]
[WhiteElo "2171"]
[BlackElo "2470"]
[PlyCount "60"]
[EventDate "2008.05.09"]
[EventType "swiss"]
[EventRounds "7"]
[EventCountry "NED"]
[Source "P.Boonen"]
[SourceDate "2010.01.01"]

1. e4 c5 2. Nf3 e6 3. d3 Nc6 4. c3 d5 5. Qe2 Nge7 6. g3 g6 7. Bg2 Bg7 8. O-O b5
9. Nbd2 a5 10. exd5 Nxd5 11. Ne4 Qe7 12. c4 bxc4 13. dxc4 Ba6 14. Qc2 Nb6 15.
Bg5 f6 16. Be3 Nb4 17. Qc1 Nd3 18. Qc2 Bxc4 19. Rfd1 f5 20. Bg5 Qc7 21. Nf6+
Bxf6 22. Bxf6 O-O 23. b3 Rxf6 24. bxc4 Nb4 25. Qc3 Raf8 26. Ne5 Na4 27. Qb3
Qxe5 28. Qxa4 f4 29. Re1 Qd4 30. Rad1 Nd3 0-1

[Event "ENCI Limburg-open A"]
[Site "Maastricht"]
[Date "2008.05.09"]
[Round "1"]
[White "Goes, Dirk"]
[Black "Maassen van den Brink, Koen"]
[Result "1/2-1/2"]
[WhiteElo "1972"]
[BlackElo "1818"]
[PlyCount "72"]
[EventDate "2008.05.09"]
[EventType "swiss"]
[EventRounds "7"]
[EventCountry "NED"]
[Source "P.Boonen"]
[SourceDate "2010.01.01"]

1. d4 Nf6 2. Bg5 g6 3. Bxf6 exf6 4. e3 d5 5. c4 Bg7 6. cxd5 Qxd5 7. Nc3 Qa5 8.
Nf3 f5 9. Nd2 c6 10. g3 O-O 11. a3 Nd7 12. b4 Qd8 13. Nb3 Re8 14. Bg2 Nf6 15.
O-O Ne4 16. Qc2 Nxc3 17. Qxc3 Qd6 18. Rac1 Re7 19. Qc5 Qxc5 20. Nxc5 Rb8 21.
Rc3 Be6 22. Rb1 Bf8 23. a4 Bd5 24. b5 Bxg2 25. Kxg2 cxb5 26. Rxb5 Rc7 27. Ne4
Rbc8 28. Nf6+ Kh8 29. Rcb3 b6 30. Rb2 Kg7 31. Nd5 Rd7 32. a5 bxa5 33. Rxa5 Bc5
34. dxc5 Rxd5 35. Rxa7 Rdxc5 36. Rbb7 Rf8 1/2-1/2

[Event "ENCI Limburg-open A"]
[Site "Maastricht"]
[Date "2008.05.09"]
[Round "1"]
[White "Goossens, Hanne"]
[Black "Seip, Rien"]
[Result "1/2-1/2"]
[WhiteElo "1909"]
[BlackElo "2026"]
[PlyCount "41"]
[EventDate "2008.05.09"]
[EventType "swiss"]
[EventRounds "7"]
[EventCountry "NED"]
[Source "P.Boonen"]
[SourceDate "2010.01.01"]

1. e4 e6 2. d4 d5 3. exd5 exd5 4. Bd3 Bd6 5. Qf3 c6 6. c3 Qf6 7. Be3 Qxf3 8.
Nxf3 Ne7 9. O-O Bf5 10. Be2 Nd7 11. Nbd2 Ng6 12. Rfe1 O-O 13. Bf1 Rfe8 14. g3
Nf6 15. Bg5 Ne4 16. Nxe4 Bxe4 17. Nd2 Bf5 18. f3 Kf8 19. Be3 Re7 20. Bf2 Rae8
21. Nb3 1/2-1/2